000 00755nam a2200265 i 4500
001 C2-0101828
003 PPAK
005 20210602182723.0
008 970601s1993 my a|||| ||||| | may d
020 _a9839678523
040 _aPPAK
_beng
_cPPAK
_erda
082 0 4 _a899.233
_223
090 0 0 _a899.233
_bSIT
_dK
100 0 _aSiti Rokiah,
_eauthor
245 1 0 _aMisteri Pulau Besar /
_cSiti Rokiah
264 1 _aPetaling Jaya, Selangor :
_bPustaka Murni ,
_c1993
300 _a31 pages :
_billustrations ;
_c19 cm
336 _atext
_2rdacontent
337 _aunmediated
_2rdamedia
338 _avolume
_2rdacarrier
490 1 _aSiri misteri pelajar
650 1 0 _aChildren's stories, Malay.
830 0 _aSiri misteri pelajar
942 _cB
_2ddc
999 _c23547
_d23547